[Event "Passau op 4th"]
[Site "Passau"]
[Date "1996.??.??"]
[Round "4"]
[White "Vidonyak, Roman"]
[Black "Muharemagic, Asim"]
[Result "1-0"]
[WhiteElo "2360"]
[BlackElo "2100"]
[PlyCount "141"]
[EventDate "1996.04.??"]
[EventType "swiss"]
[EventRounds "7"]
[EventCountry "GER"]
[SourceTitle "EXT 2001"]
[Source "ChessBase"]
[SourceDate "2000.11.22"]
[SourceVersion "1"]
[SourceVersionDate "2000.11.22"]
[SourceQuality "1"]

1. Nf3 d5 2. g3 c5 3. Bg2 Nc6 4. d4 e6 5. 0-0 Nf6 6. b3 cxd4 7. Nxd4 Bc5 8. Nxc6 bxc6 9. Nc3 0-0 10. Na4 Be7 11. c4 Ba6 12. cxd5 cxd5 13. Bb2 Rc8 14. Bd4 Qd7 15. Qd2 Bb5 16. Nc3 Bc6 17. Rfc1 Rfd8 18. e3 Qb7 19. Ne2 Bb5 20. Rxc8 Rxc8 21. Bb2 Ne4 22. Bxe4 dxe4 23. Nd4 Bd3 24. Rc1 Bf6 25. f4 Rc7 26. Rxc7 Qxc7 27. Qc3 Qxc3 28. Bxc3 Kf8 29. Kf2 Bxd4 30. Bxd4 a6 31. Ke1 Bb1 32. Kd2 f5 33. Kc3 g6 34. a3 Ke7 35. Bc5+ Kd7 36. Kd4 Bd3 37. Bf8 h5 38. Kc5 Bc2 39. b4 Ba4 40. Kb6 Bb5 41. Bc5 Kc8 42. Bd6 Kd7 43. Be5 Kc8 44. a4 Bxa4 45. Kxa6 Bd1 46. Kb6 Be2 47. Kc6 Bc4 48. b5 Be2 49. b6 Ba6 50. Bf6 Bb7+ 51. Kd6 Bd5 52. Ke7 Bc4 53. Kf7 Kb7 54. Kxg6 Be2 55. Bd4 Kc6 56. Kf6 Bc4 57. Kg6 Be2 58. Kf7 Bc4 59. Kf6 Be2 60. Kxe6 Bg4 61. Kf6 Kb7 62. Kg5 Kc6 63. Kh4 Bf3 64. h3 Bg2 65. g4 fxg4 66. hxg4 hxg4 67. Kxg4 Kd6 68. f5 Bf1 69. Kf4 Bd3 70. f6 Ba6 71. Kf5 1-0

[Event "Oberbayern-ch"]
[Site "Ingolstadt"]
[Date "1995.??.??"]
[Round "6"]
[White "Muharemagic, Asim"]
[Black "Schmidt, Bernhard"]
[Result "0-1"]
[WhiteElo "2230"]
[BlackElo "2225"]
[PlyCount "96"]
[EventDate "1995.??.??"]
[EventType "swiss"]
[EventRounds "7"]
[EventCountry "GER"]
[SourceTitle "EXT 2004"]
[Source "ChessBase"]
[SourceDate "2003.11.25"]
[SourceVersion "1"]
[SourceVersionDate "2003.11.25"]
[SourceQuality "1"]

1. e4 c6 2. d4 d5 3. Nc3 dxe4 4. Nxe4 Nd7 5. Ng5 e6 6. Bd3 Ngf6 7. N1f3 h6 8. Nxe6 fxe6 9. Bg6+ Ke7 10. 0-0 Qc7 11. c4 Kd8 12. Re1 Bb4 13. d5 Bxe1 14. dxe6 Bb4 15. Nd4 Qe5 16. Bf4 Qxf4 17. exd7 Qd6 18. dxc8Q+ Kxc8 19. Bf5+ Kb8 20. Qb3 Qxd4 21. Rd1 Bd2 22. Rxd2 Qe5 23. Re2 Qf4 24. h4 Re8 25. Rxe8+ Nxe8 26. Qd3 Qd6 27. Qe3 Nf6 28. g4 b6 29. g5 hxg5 30. hxg5 Ng8 31. c5 Qxc5 32. Qe8+ Kb7 33. Qd7+ Ka6 34. Bd3+ b5 35. Qxg7 Rd8 36. a4 Rxd3 37. axb5+ Qxb5 38. Qxg8 Rd1+ 39. Kh2 Qe5+ 40. Kg2 Qe4+ 41. f3 Qe2+ 42. Kg3 Rg1+ 43. Kf4 Qd2+ 44. Kf5 Qxb2 45. g6 Qc2+ 46. Kf6 Qc3+ 47. Ke7 Qe5+ 48. Kd7 Qd5+ 0-1

[Event "BL2-Sued 9394"]
[Site "Germany"]
[Date "1994.??.??"]
[Round "?.8"]
[White "Mueller, Rudolf"]
[Black "Muharemagic, Asim"]
[Result "0-1"]
[WhiteElo "2320"]
[BlackElo "2235"]
[PlyCount "82"]
[EventDate "1993.10.??"]
[EventType "team-tourn"]
[EventRounds "9"]
[EventCountry "GER"]
[SourceTitle "GER-chT2"]
[Source "ChessBase"]
[SourceDate "1999.07.01"]
[SourceVersion "1"]
[SourceVersionDate "1999.07.01"]
[SourceQuality "1"]
[WhiteTeam "Karlsruhe"]
[BlackTeam "Bayern Muenchen II"]
[WhiteTeamCountry "GER"]
[BlackTeamCountry "GER"]

1. e4 e6 2. d4 d5 3. e5 c5 4. c3 Nc6 5. Nf3 Bd7 6. Bd3 f6 7. 0-0 Qc7 8. Re1 fxe5 9. dxe5 Nh6 10. Bxh6 gxh6 11. c4 d4 12. Nbd2 0-0-0 13. Nb3 Be8 14. Be4 Qg7 15. Bxc6 Bxc6 16. Na5 Rg8 17. g3 Be8 18. b4 b6 19. Nb3 Qb7 20. bxc5 Bh5 21. c6 Qf7 22. Kg2 Bb4 23. Re4 Rdf8 24. Nbxd4 Bc3 25. Kf1 Bxf3 26. Nxf3 Bxa1 27. Rf4 Qc7 28. Qxa1 Rxf4 29. gxf4 Qxc6 30. Qc3 Rg4 31. Nd4 Qg2+ 32. Ke1 Rxf4 33. Ne2 Rxf2 34. Qd3 Qxh2 35. Qe4 Rxe2+ 36. Qxe2 Qxe2+ 37. Kxe2 Kc7 38. Kf3 Kc6 39. Kg4 Kc5 40. Kh5 Kxc4 41. Kxh6 Kd4 0-1